000
00220nam a2200097Ia 4500
008
240331s9999 xx 000 0 und d
082
_b
ROY
100
_a
Royster, S
245
0
_a
Much ado about nothing :
_b
notes
942
_c
L
999
_c
3205
_d
3205